HINDI VYAKARAN PLALV (Record no. 19028)

MARC details
000 -LEADER
fixed length control field 00253nam a22001217a 4500
003 - CONTROL NUMBER IDENTIFIER
control field SGT
082 ## - DEWEY DECIMAL CLASSIFICATION NUMBER
Classification number 370
Item number BHA
100 ## - MAIN ENTRY--PERSONAL NAME
Personal name BHATANGAR, PUSHPLATA
245 ## - TITLE STATEMENT
Title HINDI VYAKARAN PLALV
260 ## - PUBLICATION, DISTRIBUTION, ETC. (IMPRINT)
Place of publication, distribution, etc DELHI
Name of publisher, distributor, etc I V PUB
Year of Publication 2009
300 ## - PAGE DESCRIPTION
No. of Pages 392
942 ## - ADDED ENTRY ELEMENTS (KOHA)
Source of classification or shelving scheme Dewey Decimal Classification
Koha item type Books
Holdings
Withdrawn status Lost status Source of classification or shelving scheme Damaged status Not for loan Collection code Home library Current library Date acquired SGTU Total Checkouts Full call number Accession No. (Barcode) Date last seen Date last borrowed Bill Date Koha item type
  Lost and Paid For Dewey Decimal Classification     EDUCATION SGT Engineering Library SGT Engineering Library 05/09/2019 SGTU 1 370 BHA ED4313 23/02/2021 27/02/2020 05/09/2019 Books